| 000 | 00710nam a2200193 i 4500 | ||
|---|---|---|---|
| 001 | 161787 | ||
| 003 | ES-MaACL | ||
| 005 | 20240301063057.0 | ||
| 008 | 931025s1880 sp |||| | spa d | ||
| 040 |
_aAS _bspa _cPAB |
||
| 100 | 1 |
_aPérez de Guzmán y Gallo, Juan, _d1841-1928 _990777 |
|
| 245 | 1 | 3 |
_aEl Principado de Asturias _b: bosquejo histórico-documental / _cpor Juan Pérez de Guzmán. |
| 260 |
_aMadrid : _b[s.n.], _c1880 ( _fImprenta de Manuel G. Hernández) |
||
| 300 |
_a436 p. ; _c20 cm. |
||
| 650 | 4 |
_aPríncipe de Asturias (Título) _9157564 |
|
| 651 | 4 |
_aEspaña- _xReyes y soberanos- _xSucesión. _9156094 |
|
| 852 |
_aES-MaACL _jG-8746 _z-- Enc. pasta |
||
| 999 |
_c161787 _d161787 |
||